000 00301nam a2200121Ia 4500
005 20251222144654.0
008 251222s9999||||xx |||||||||||||| ||spa||
082 _a290/F81
100 _aFranco, Segundo
245 0 _aLos Errores del Protestántismo
264 _bApostolado de la Prensa
942 _cLIB
999 _c17188
_d17188